logo

Bir Sreshtho Munshi Abdur Rouf Library
Jhenaidah Cadet College

The Portuguese contribution to Bengali prose, grammar and lexicography / (Record no. 3136)

MARC details
000 -LEADER
fixed length control field 00599nam a2200217 a 4500
001 - CONTROL NUMBER
JCCL Control Number 3136
003 - CONTROL NUMBER IDENTIFIER
JCCL marc code BD-JhCC
005 - DATE AND TIME OF LATEST TRANSACTION
control field 20171126164815.0
008 - FIXED-LENGTH DATA ELEMENTS--GENERAL INFORMATION
fixed length control field 171111s1383 bg |||| ||a| 001 0 eng d
035 ## - SYSTEM CONTROL NUMBER
system control number (BD-JhCC)3136
040 ## - CATALOGING SOURCE
Original cataloging agency BD-JhCC
Modifying agency BD-JhCC
041 ## - LANGUAGE CODE
Language code of Book eng
082 ## - DEWEY DECIMAL CLASSIFICATION NUMBER
Classification number 491.44
Author mark and Year KHO 1383
100 ## - MAIN ENTRY--PERSONAL NAME
Personal name Khondkar, Abdur Rahim
245 ## - TITLE STATEMENT
Title The Portuguese contribution to Bengali prose, grammar and lexicography /
Statement of responsibility, etc Abdur Rahim Khondkar
260 ## - PUBLICATION, DISTRIBUTION, ETC. (IMPRINT)
Place of publication, distribution, etc DACCA :
Name of publisher, distributor, etc BANGLA ACADEMY,
Date of publication, distribution, etc 1383.
300 ## - PHYSICAL DESCRIPTION
Pagination 292 P. :
Dimensions 21 CM.
650 ## - SUBJECT ADDED ENTRY--TOPICAL TERM
Topical term or geographic name as entry element Bengali Language
942 ## - ADDED ENTRY ELEMENTS (KOHA)
Source of classification or shelving scheme Dewey Decimal Classification
Koha item type Books
Holdings
Source of classification or shelving scheme Damaged status Not for loan Home library Current library Shelving location Date of accession Cost, normal purchase price Total Checkouts Full call number Barcode Date last seen Copy number Koha item type
Dewey Decimal Classification     JCC Rouf Library JCC Rouf Library General Stacks 11/11/2017 40.00   491.44 KHO 1383 3740 11/11/2017 C-1 Books

JCC Library | Contacts | JCC Home

Last Update on 23 September 2017
Copyright @ 2017-2020 JCC Rouf Library
Rouf Library, Jhenidah Cadet College (JCC), Bangladesh